| 000 | 01916nam a22002057a 4500 | ||
|---|---|---|---|
| 005 | 20260114163120.0 | ||
| 008 | 260114b |||||||| |||| 00| 0 eng d | ||
| 020 | _a9789369891320 | ||
| 040 | _cAL | ||
| 041 | _aEnglish | ||
| 082 |
_a158.1 _bDASY |
||
| 100 |
_aGaur gopal das _9251344 |
||
| 245 |
_aYou can have it all _b: Unlock the secrets to a great life |
||
| 260 |
_aHaryana _bHarper collins publishers _c2026 |
||
| 300 |
_a293 p. _bPB _c20x13 cm. |
||
| 365 |
_aKSCR-000703 _b₹ _c₹ _d₹ _e20% _f13-01-2026 |
||
| 520 | _aMost of us spend our lives chasing our dreams – happiness, love, good health, financial freedom, security and more. But can we really have it all? On a cool November morning, Gaur Gopal Das arrives in Jaisalmer to attend his friend Rakesh Arora’s son’s three-day-long wedding festivities where he meets the Arora clan and the soon-to-be bride’s family. As the wedding day approaches and an unexpected visitor makes an appearance, he observes the storm that threatens to tear apart the two families. In the course of his conversations with his hosts and their guests, through his unassuming presence, he unearths the secret fears and desires they guard fiercely in their hearts and offers them steadying counsel even as he reveals his own journey through life’s vicissitudes. You Can Have It All is Gaur Gopal Das’s most personal and profound narrative yet, a captivating book that presents a transformative and radical path for those of us caught between ambition and fulfilment, between striving and being. Marked by his iconic humour, deep empathy and gentle wisdom, it urges us to understand how perspective shapes our reality, learn to recognize and overcome our blind spots, and develop the self-compassion we need to better navigate this beautiful, complicated thing we call life. | ||
| 650 |
_aThe voice of wisdom for the modern world _9251345 |
||
| 942 |
_2ddc _cBK |
||
| 999 |
_c240755 _d240755 |
||